[Event "POL-ch Universities"]
[Site "Bydgoszcz"]
[Date "2023.03.11"]
[Round "9"]
[White "Molenda, Marcin"]
[Black "Walter, Szymon"]
[Result "1/2-1/2"]
[WhiteElo "2406"]
[BlackElo "2323"]
[PlyCount "129"]
[EventDate "2023.03.10"]
[EventType "swiss"]
[EventRounds "9"]
[EventCountry "POL"]
[SourceTitle "CBM 213 Extra"]
[Source "ChessBase"]
[SourceDate "2023.05.31"]
[SourceVersion "1"]
[SourceVersionDate "2023.05.31"]
[SourceQuality "1"]

1. e4 c5 2. Nf3 e6 3. d4 cxd4 4. Nxd4 Nc6 5. Nc3 a6 6. Qd3 Nf6 7. Bf4 d5 8. 0-0-0 Be7 9. exd5 Nxd5 10. Nxc6 bxc6 11. Be5 0-0 12. Qg3 f6 13. Bf4 e5 14. Bh6 Rf7 15. Bc4 Be6 16. f4 f5 17. h4 e4 18. Bg5 Qd7 19. Bxe7 Rxe7 20. h5 h6 21. Rd4 Qb7 22. Bxd5 cxd5 23. Rhd1 Rb8 24. b3 Rd8 25. Kb2 Red7 26. Qe3 Bf7 27. Qe2 Qc6 28. g3 Rd6 29. R1d2 Qe8 30. g4 fxg4 31. Qxg4 Bxh5 32. Qh4 e3 33. Rh2 e2 34. Qe1 Bf3 35. Rd2 d4 36. Nxe2 Re6 37. Qf2 Bxe2 38. Rxe2 d3 39. cxd3 Rxd3 40. Rxe6 Qxe6 41. Qe2 Qf6+ 42. Qe5 Qxe5+ 43. fxe5 Re3 44. Rh5 Kf7 45. b4 Kg6 46. Rh1 Rxe5 47. a4 h5 48. Kc3 Kh6 49. Kd4 Rf5 50. b5 axb5 51. a5 g5 52. a6 g4 53. Ra1 h4 54. a7 Rf8 55. Ra6+ Kg5 56. Ra5 g3 57. Rxb5+ Kg4 58. Rb8 Rf4+ 59. Ke3 Ra4 60. a8Q Rxa8 61. Rxa8 Kh3 62. Rg8 Kg2 63. Kf4 Kf2 64. Kg4 g2 65. Kxh4 1/2-1/2

[Event "EU-ch Blitz"]
[Site "Katowice"]
[Date "2022.12.16"]
[Round "15"]
[White "Pidluznij, Gleb"]
[Black "Walter, Szymon"]
[Result "1/2-1/2"]
[WhiteElo "2159"]
[BlackElo "2327"]
[PlyCount "121"]
[EventDate "2022.12.16"]
[EventType "swiss (blitz)"]
[EventRounds "22"]
[EventCountry "POL"]
[SourceTitle "CBM 211 Extra"]
[Source "ChessBase"]
[SourceDate "2023.01.31"]
[SourceVersion "1"]
[SourceVersionDate "2023.01.31"]
[SourceQuality "1"]

1. d4 Nf6 2. Bg5 d5 3. Bxf6 exf6 4. e3 c6 5. Nd2 Bd6 6. g3 0-0 7. Bg2 Bf5 8. Ne2 Nd7 9. 0-0 Re8 10. c4 dxc4 11. Nxc4 Nb6 12. Nxd6 Qxd6 13. Rc1 Rad8 14. Qe1 Bd3 15. Qd2 Bxe2 16. Qxe2 Qxd4 17. Qc2 Qa4 18. b3 Qb4 19. Rfd1 Qe7 20. Rxd8 Rxd8 21. Rd1 Rxd1+ 22. Qxd1 g6 23. h4 Qd7 24. Qe2 Qf5 25. Bf3 Kg7 26. Kg2 h5 27. Qd2 Nd7 28. Qb2 Ne5 29. Be2 Qe4+ 30. Kg1 Qd5 31. Qc3 a5 32. a3 b5 33. Qc2 Qd6 34. Qb2 Qc5 35. b4 axb4 36. axb4 Qd6 37. Qc3 Nd7 38. Bf3 c5 39. bxc5 Qxc5 40. Qb2 b4 41. Bd1 Ne5 42. Bb3 Nf3+ 43. Kg2 Qc6 44. Kf1 Ne5 45. Kg1 Qc3 46. Qxc3 bxc3 47. Kf1 Nc6 48. Ke2 Nb4 49. e4 Kf8 50. f4 Ke7 51. Ke3 f5 52. exf5 gxf5 53. Ke2 f6 54. Bc4 Kd6 55. Bf7 Kc5 56. Bxh5 Kd4 57. Bg6 c2 58. Kd2 Nd3 59. Kxc2 Ne1+ 60. Kd2 Nf3+ 61. Ke2 1/2-1/2

[Event "EU-ch Blitz"]
[Site "Katowice"]
[Date "2022.12.16"]
[Round "16"]
[White "Walter, Szymon"]
[Black "Pidluznij, Gleb"]
[Result "1-0"]
[WhiteElo "2327"]
[BlackElo "2159"]
[PlyCount "89"]
[EventDate "2022.12.16"]
[EventType "swiss (blitz)"]
[EventRounds "22"]
[EventCountry "POL"]
[SourceTitle "CBM 211 Extra"]
[Source "ChessBase"]
[SourceDate "2023.01.31"]
[SourceVersion "1"]
[SourceVersionDate "2023.01.31"]
[SourceQuality "1"]

1. e4 c6 2. d4 d5 3. f3 e6 4. Nc3 Bb4 5. Nge2 Nf6 6. Qd3 b6 7. Bd2 Ba6 8. Qe3 0-0 9. 0-0-0 Nbd7 10. a3 Bxc3 11. Nxc3 Bxf1 12. Rhxf1 a5 13. g4 b5 14. e5 Ne8 15. Ne2 Qc7 16. f4 c5 17. Kb1 cxd4 18. Nxd4 Rb8 19. Rde1 Nc5 20. f5 Qd7 21. fxe6 Nxe6 22. Bxa5 N8c7 23. Bb4 Rfe8 24. Bd6 Nxd4 25. Qxd4 Rbc8 26. Re3 Ne6 27. Qxd5 Rc5 28. Qd3 Rc4 29. Ref3 Nd8 30. g5 Re6 31. Rh3 Rg6 32. Rg3 Rh4 33. h3 Ne6 34. Qe3 Qd8 35. Rd1 Qc8 36. Qb3 Qc6 37. Rc3 Rc4 38. Rxc4 Qxc4 39. Qxc4 bxc4 40. h4 h6 41. a4 hxg5 42. hxg5 Rxg5 43. a5 c3 44. a6 Rg4 45. b3 1-0

[Event "POL-ch Academic"]
[Site "Chorzow"]
[Date "2022.04.02"]
[Round "7"]
[White "Fus, Jakub"]
[Black "Walter, Szymon"]
[Result "1-0"]
[WhiteElo "2261"]
[BlackElo "2171"]
[PlyCount "101"]
[EventDate "2022.04.01"]
[EventType "swiss (rapid)"]
[EventRounds "9"]
[EventCountry "POL"]
[SourceTitle "EXT 2024"]
[Source "ChessBase"]
[SourceDate "2023.10.10"]
[SourceVersion "1"]
[SourceVersionDate "2023.10.10"]
[SourceQuality "1"]

1. d4 Nf6 2. Nf3 e6 3. c4 Bb4+ 4. Bd2 Qe7 5. g3 Nc6 6. Nc3 0-0 7. Bg2 d6 8. 0-0 a5 9. a3 Bxc3 10. Bxc3 a4 11. Nd2 Bd7 12. Qc2 Rfe8 13. h3 e5 14. d5 Nb8 15. b4 axb3 16. Qxb3 Na6 17. Bb4 b6 18. e4 Nh5 19. Qe3 g6 20. Bc3 Nc5 21. f4 f6 22. f5 Na4 23. Bb4 Ra7 24. Kh2 g5 25. Bf3 Ng7 26. h4 h6 27. Kg2 Qf7 28. Rh1 Raa8 29. hxg5 hxg5 30. Rh6 Kf8 31. Rah1 Ke7 32. Rh7 Rg8 33. Bh5 Qf8 34. Bg6 Be8 35. g4 Bxg6 36. fxg6 Qe8 37. R1h6 Qd7 38. Qe2 Nc5 39. Nf1 Kd8 40. Ng3 Qe8 41. Qf3 Nd7 42. Nf5 Nxf5 43. Qxf5 b5 44. cxb5 Rb8 45. Rf7 Rxb5 46. Rhh7 Nb6 47. Qxf6+ Kc8 48. Rxc7+ Kb8 49. Qxd6 Rxg6 50. Rb7+ Ka8 51. Ra7# 1-0

[Event "POL-ch Academic"]
[Site "Chorzow"]
[Date "2022.04.02"]
[Round "8"]
[White "Walter, Szymon"]
[Black "Golenia, Jan"]
[Result "1-0"]
[WhiteElo "2171"]
[BlackElo "2091"]
[PlyCount "62"]
[EventDate "2022.04.01"]
[EventType "swiss (rapid)"]
[EventRounds "9"]
[EventCountry "POL"]
[SourceTitle "EXT 2024"]
[Source "ChessBase"]
[SourceDate "2023.10.10"]
[SourceVersion "1"]
[SourceVersionDate "2023.10.10"]
[SourceQuality "1"]

1. e4 e5 2. Nf3 Nc6 3. Bb5 a6 4. Ba4 Nf6 5. 0-0 Be7 6. Re1 b5 7. Bb3 d6 8. c3 Na5 9. Bc2 c5 10. d4 Nd7 11. Nbd2 0-0 12. Nf1 exd4 13. cxd4 Nc6 14. Be3 Bf6 15. Ng3 cxd4 16. Nxd4 Nxd4 17. Bxd4 Nc5 18. e5 Bh4 19. exd6 Ne6 20. Bc3 Bf6 21. Qd3 g6 22. Rad1 Bb7 23. Qe3 Bxc3 24. bxc3 Qf6 25. Be4 Rab8 26. Bxb7 Rxb7 27. Ne4 Qe5 28. Rd5 Qg7 29. d7 Rd8 30. Red1 f5 31. Nd6 Qxd7 1-0

[Event "EU-ch Rapid"]
[Site "Katowice"]
[Date "2021.12.19"]
[Round "10"]
[White "Demchenko, Anton"]
[Black "Walter, Szymon"]
[Result "1/2-1/2"]
[WhiteElo "2654"]
[BlackElo "2286"]
[PlyCount "92"]
[EventDate "2021.12.18"]
[EventType "swiss (rapid)"]
[EventRounds "11"]
[EventCountry "POL"]
[SourceTitle "CBM 205 Extra"]
[Source "ChessBase"]
[SourceDate "2022.01.31"]
[SourceVersion "1"]
[SourceVersionDate "2022.01.31"]
[SourceQuality "1"]

1. e4 c5 2. Nf3 e6 3. g3 Nf6 4. e5 Nd5 5. Bg2 d6 6. exd6 Bxd6 7. 0-0 0-0 8. d4 c4 9. Qe2 Qc7 10. Nc3 Bd7 11. Nd2 Nxc3 12. bxc3 Rc8 13. Ne4 Bc6 14. Qxc4 Nd7 15. Bd2 Nb6 16. Qd3 Bd5 17. Rfb1 Be7 18. a4 Qc6 19. a5 Nc4 20. f3 f5 21. Nf2 Nxd2 22. Qxd2 Qxc3 23. Qxc3 Rxc3 24. f4 Bxg2 25. Kxg2 Rxc2 26. Rxb7 Bf6 27. Rd1 Ra2 28. d5 exd5 29. Rxd5 Re8 30. Rb3 Ree2 31. Rf3 Bc3 32. Rxc3 Rxf2+ 33. Kg1 Rg2+ 34. Kf1 Rgf2+ 35. Kg1 Rg2+ 36. Kf1 Rxh2 37. Kg1 Rhg2+ 38. Kf1 Rgf2+ 39. Kg1 Rfb2 40. Rc1 Rg2+ 41. Kh1 Rh2+ 42. Kg1 Rhg2+ 43. Kh1 Rh2+ 44. Kg1 Rhg2+ 45. Kh1 Rh2+ 46. Kg1 Rhg2+ 1/2-1/2

[Event "EU-ch Blitz"]
[Site "Katowice"]
[Date "2021.12.17"]
[Round "11"]
[White "Walter, Szymon"]
[Black "Czerw, Dawid"]
[Result "0-1"]
[WhiteElo "2286"]
[BlackElo "2396"]
[PlyCount "73"]
[EventDate "2021.12.17"]
[EventType "swiss (blitz)"]
[EventRounds "22"]
[EventCountry "POL"]
[SourceTitle "CBM 205 Extra"]
[Source "ChessBase"]
[SourceDate "2022.01.31"]
[SourceVersion "1"]
[SourceVersionDate "2022.01.31"]
[SourceQuality "1"]

1. e4 c5 2. Nc3 Nc6 3. f4 g6 4. Nf3 Bg7 5. Bb5 Nd4 6. 0-0 Nxb5 7. Nxb5 d5 8. exd5 a6 9. Nc3 Nf6 10. d4 c4 11. Ne5 Nxd5 12. Nxc4 Nxc3 13. bxc3 Qc7 14. Qd3 Bf5 15. Qe2 Be6 16. Ne5 Qxc3 17. Be3 0-0 18. Rfc1 Rac8 19. Qf2 Rfd8 20. a4 Bd5 21. Bd2 Qc7 22. c4 Be6 23. d5 Bf5 24. Bc3 f6 25. Nf3 Qxf4 26. Ba5 Rd7 27. Nd4 Bh6 28. Rc3 Qxf2+ 29. Kxf2 Bd2 30. Nxf5 gxf5 31. Raa3 Bxc3 32. Rxc3 Kf7 33. Ke3 e6 34. dxe6+ Kxe6 35. c5 Re8 36. Kf4 Rd4+ 37. Kf3 0-1

[Event "CZE-chT1E 2122"]
[Site "Czech Republic"]
[Date "2021.12.12"]
[Round "5.5"]
[White "Tomaszewski, Kacper"]
[Black "Walter, Szymon"]
[Result "1/2-1/2"]
[WhiteElo "2308"]
[BlackElo "2277"]
[PlyCount "42"]
[EventDate "2021.10.09"]
[EventType "team-tourn"]
[EventRounds "11"]
[EventCountry "CZE"]
[SourceTitle "EXT 2023"]
[Source "ChessBase"]
[SourceDate "2022.10.05"]
[SourceVersion "1"]
[SourceVersionDate "2022.10.05"]
[SourceQuality "1"]
[WhiteTeam "Orlova Slavia"]
[BlackTeam "Poruba Slavoj II"]
[WhiteTeamCountry "CZE"]
[BlackTeamCountry "CZE"]

1. e4 e5 2. Nf3 Nc6 3. Bc4 Bc5 4. c3 Nf6 5. d4 exd4 6. cxd4 Bb4+ 7. Nbd2 Nxe4 8. d5 Ne7 9. 0-0 Nxd2 10. Bxd2 Bxd2 11. d6 cxd6 12. Qxd2 0-0 13. Ng5 h6 14. Nxf7 Rxf7 15. Bxf7+ Kxf7 16. Rfe1 Ng8 17. Qd5+ Kf8 18. Qxd6+ Kf7 19. Qd5+ Kf8 20. Qd6+ Kf7 21. Qd5+ Kf8 1/2-1/2

[Event "Titled Tuesday intern op 07th Dec"]
[Site "Chess.com INT"]
[Date "2021.12.07"]
[Round "7"]
[White "Walter, Szymon"]
[Black "Gasanov, Eldar"]
[Result "0-1"]
[WhiteElo "2286"]
[BlackElo "2481"]
[PlyCount "96"]
[EventDate "2021.12.07"]
[EventType "swiss (blitz)"]
[EventRounds "11"]
[EventCountry "USA"]
[SourceTitle "CBM 205 Extra"]
[Source "ChessBase"]
[SourceDate "2022.01.31"]
[SourceVersion "1"]
[SourceVersionDate "2022.01.31"]
[SourceQuality "1"]

1. Nf3 d5 2. g3 Bf5 3. Bg2 e6 4. 0-0 Nf6 5. c4 c6 6. b3 h6 7. Bb2 Be7 8. d3 0-0 9. Nbd2 a5 10. Rc1 a4 11. Re1 axb3 12. axb3 Bb4 13. Ra1 Nbd7 14. Qc2 Qb6 15. e4 dxe4 16. dxe4 Bh7 17. Bc3 Rxa1 18. Rxa1 Bxc3 19. Qxc3 Nxe4 20. Nxe4 Bxe4 21. Rd1 Nf6 22. Ne5 Rd8 23. Rxd8+ Qxd8 24. Bxe4 Qd1+ 25. Kg2 Nxe4 26. Qe3 Qc2 27. Nd7 Nd2 28. Qc5 Qe4+ 29. Kh3 Qf5+ 30. Qxf5 exf5 31. Nc5 b6 32. Na4 b5 33. cxb5 cxb5 34. Nc3 b4 35. Nd5 Nxb3 36. Nxb4 g6 37. Nd5 Nd2 38. g4 fxg4+ 39. Kxg4 Kg7 40. h4 Ne4 41. f3 Nf6+ 42. Nxf6 Kxf6 43. h5 Ke5 44. Kg3 gxh5 45. Kh4 Kf4 46. Kxh5 Kxf3 47. Kxh6 f5 48. Kg5 f4 0-1